Word Ladder: Pop Singers and Stooges Quiz Stats

 Plays Quiz Updated Apr 11, 2015

Challenge
Share
Tweet
Embed
Score 0/14 Timer 02:00
2 Plays Today
Clue 5-Letter Word % Correct
WedMARRY
95.8%
McFly of 'Back to the Future'MARTY
94.5%
A StoogeLARRY
93.5%
Pop singer Rae JepsenCARLY
87.8%
A UK truckLORRY
86.5%
À la _____CARTE
85.3%
FêtePARTY
85%
Clue 5-Letter Word % Correct
A StoogeCURLY
83.4%
Class systemCASTE
79.9%
Edible adhesivePASTE
79.5%
Eric who wrote 'The Very Hungry Caterpillar'CARLE
78.8%
PalePASTY
77.8%
Chuck who produces 'Two and a Half Men'LORRE
75.6%
Pop singer of 'Royals'LORDE
71.6%

Today's Daily Dose

You're not logged in!

Compare scores with friends on all Sporcle quizzes.
Join for Free
OR
Log In

You Might Also Like...

Show Comments

Extras

Top Quizzes Today


Score Distribution

Your Account Isn't Verified!

In order to create a playlist on Sporcle, you need to verify the email address you used during registration. Go to your Sporcle Settings to finish the process.

Report this User

Report this user for behavior that violates our Community Guidelines.

Details: